000 00496nam a2200169Ia 4500
008 240729s9999 xx 000 0 und d
022 _a2190-5495
245 0 _aApplied Water Science
260 _aGermany
260 _bSpringerOpen
650 _a Environmental technology. Sanitary engineering
650 _a Water supply for domestic and industrial purposes
650 _aTechnology
856 _uhttps://doaj.org/toc/dd43d83f2aad4b16a8642005236cfe0c
942 _2ddc
942 _cDOAJEJ
999 _c74145
_d74145
945 _a1
_bMadushi Gamage
_c1
_dMadushi Gamage